Physical examination and health assessment (Record no. 5856)

MARC details
000 -LEADER
fixed length control field 00719nam a22002057a 4500
003 - CONTROL NUMBER IDENTIFIER
control field OSt
005 - DATE AND TIME OF LATEST TRANSACTION
control field 20251120103006.0
008 - FIXED-LENGTH DATA ELEMENTS--GENERAL INFORMATION
fixed length control field 251120b |||||||| |||| 00| 0 eng d
020 ## - INTERNATIONAL STANDARD BOOK NUMBER
International Standard Book Number 0-7216-5922-5
040 ## - CATALOGING SOURCE
Original cataloging agency DWC-Main lib
Transcribing agency OC
082 ## - DEWEY DECIMAL CLASSIFICATION NUMBER
Classification number Circ. 616.07 J38 1996
100 ## - MAIN ENTRY--PERSONAL NAME
Personal name Jarvis, C.
245 ## - TITLE STATEMENT
Title Physical examination and health assessment
Statement of responsibility, etc. Jarvis, C.
260 ## - PUBLICATION, DISTRIBUTION, ETC.
Place of publication, distribution, etc. [S.l.] :
Name of publisher, distributor, etc. Saunders Company, Inc.,
Date of publication, distribution, etc. c1996
300 ## - PHYSICAL DESCRIPTION
Extent xx, 937 pages :
Other physical details colored illustration ;
Dimensions 28 cm.
504 ## - BIBLIOGRAPHY, ETC. NOTE
Bibliography, etc. note Includes bibliographical references and index
650 ## - SUBJECT ADDED ENTRY--TOPICAL TERM
Source of heading or term Nursing assessment
650 ## - SUBJECT ADDED ENTRY--TOPICAL TERM
Source of heading or term Physical diagnosis
942 ## - ADDED ENTRY ELEMENTS (KOHA)
Source of classification or shelving scheme Dewey Decimal Classification
Koha item type Book Circulation
Edition 2nd edition
Classification part Circ. 616.07 J38 1996
Call number prefix Circ.
Suppress in OPAC No
952 ## - LOCATION AND ITEM INFORMATION (KOHA)
--
Holdings
Withdrawn status Lost status Source of classification or shelving scheme Damaged status Not for loan Home library Current library Shelving location Date acquired Source of acquisition Total Checkouts Full call number Barcode Date last seen Copy number Price effective from Koha item type Uniform Resource Identifier
    Dewey Decimal Classification     HM & Nursing Library HM & Nursing Library Circulation 11/07/2005 Donation   Circ. 616.07 J38 1996 HMN42496 11/20/2025 c1 11/20/2025 BK-CIRC